000 01241nam a2200301 i 4500
003 EG-GICUC
005 20260121101531.0
008 251222s2007 ua ||||fr|||| 00| 0 ara d
040 _a EG-GICUC
_bara
_c EG-GICUC
_d EG-GICUC
_erda
041 0 _aara
082 0 4 _221
_a345.451
_bم ح . ج
092 0 4 _221
099 _aLaw1 07 345.451 م ح . ج 2007
100 0 _aمحمد إبراهيم الدسوقى على
_eمؤلف.
245 1 2 _aالجزاء التأديبى وطرق الطعن فيه /
_cمحمد إبراهيم الدسوقى على.
264 1 _aالقاهرة :
_bدار النهضة العربية،
_c2007.
300 _a208 ؛ صفحة
_c24 سم.
336 _2rda content
_atext
337 _2rda media
_aComputer
338 _2rda carrier
_aOnline Resource
504 _aيحتوي على ارجاعات ببليوجرافية يحتوي على قائمة بالمراجع
546 _aالنص أغلبه باللغة العربية بعض النصوص الإنجليزية والفرنسية
650 1 4 _aالسلطات التاديبية
_xالقانون الإداري
651 1 _2qrmak
856 4 0 _uhttps://fll.law.cu.edu.eg/fulltext/bks/B07-01675.pdf
905 _a75
942 _2ddc
_cBK
_e21
_n0
999 _c52134
_d52134